[Event "WchT Blitz Pool D"]
[Site "London"]
[Date "2025.06.14"]
[Round "10.3"]
[White "Strom Engdahl, Alexander"]
[Black "Anton Guijarro, David"]
[Result "0-1"]
[WhiteElo "2320"]
[BlackElo "2642"]
[PlyCount "64"]
[EventDate "2025.06.14"]
[EventType "team-tourn"]
[EventRounds "13"]
[EventCountry "ENG"]
[SourceTitle "CB25_2025"]
[SourceDate "2025.06.18"]
[SourceVersion "1"]
[SourceVersionDate "2025.06.18"]
[SourceQuality "1"]
[WhiteTeam "Uppsala SSS"]
[BlackTeam "Team MGD1"]
[WhiteTeamCountry "SWE"]
[BlackTeamCountry "IND"]

1. Nf3 d5 2. b3 Nc6 3. d4 Bf5 4. e3 e6 5. Bb2 Nf6 6. Bd3 Bxd3 7. Qxd3 Ne4 8. a3 f5 9. c4 Be7 10. Nc3 a6 11. cxd5 exd5 12. Ne5 Nxe5 13. dxe5 c6 14. Nxe4 fxe4 15. Qc3 0-0 16. 0-0 Qe8 17. f4 exf3 18. gxf3 Rd8 19. Kh1 c5 20. Rad1 Kh8 21. f4 Qc6 22. Qd3 c4 23. Qe2 d4+ 24. e4 d3 25. Qg2 c3 26. Bc1 d2 27. Rg1 g6 28. Bxd2 Rxd2 29. Rxd2 cxd2 30. f5 Rd8 31. Rd1 gxf5 32. Rg1 Qxe4 0-1

[Event "WchT Rapid"]
[Site "London"]
[Date "2025.06.13"]
[Round "10.2"]
[White "Anton Guijarro, David"]
[Black "Eljanov, Pavel"]
[Result "1/2-1/2"]
[WhiteElo "2625"]
[BlackElo "2614"]
[PlyCount "103"]
[EventDate "2025.06.11"]
[EventType "team-swiss"]
[EventRounds "12"]
[EventCountry "ENG"]
[SourceTitle "CB25_2025"]
[SourceDate "2025.06.18"]
[SourceVersion "1"]
[SourceVersionDate "2025.06.18"]
[SourceQuality "1"]
[WhiteTeam "Team MGD1"]
[BlackTeam "Ashdod Elit CC"]
[WhiteTeamCountry "IND"]
[BlackTeamCountry "ISR"]

1. Nf3 d5 2. c4 e6 3. g3 dxc4 4. Qa4+ Bd7 5. Qxc4 c5 6. d4 Nc6 7. dxc5 Qa5+ 8. Nc3 Qxc5 9. Qxc5 Bxc5 10. Bg2 Nf6 11. 0-0 Ke7 12. a3 Rac8 13. Bf4 Bd6 14. Bxd6+ Kxd6 15. Rfd1+ Ke7 16. Nb5 Ne8 17. Ng5 f6 18. Nf7 Rf8 19. Nfd6 Nxd6 20. Nxd6 Rb8 21. Rac1 Rfd8 22. b4 Be8 23. Nxe8 Rxd1+ 24. Rxd1 Rxe8 25. Bxc6 bxc6 26. Rc1 Kd6 27. Rc5 Rd8 28. Ra5 Rd7 29. f4 e5 30. fxe5+ fxe5 31. Kf2 Ke6 32. Kf3 h5 33. e3 Kf5 34. h3 Re7 35. Rc5 Re6 36. e4+ Kf6 37. Ra5 Re7 38. Ra6 Rc7 39. b5 Ke7 40. bxc6 Kd6 41. g4 Rf7+ 42. Kg3 hxg4 43. hxg4 Rf4 44. Rxa7 Kxc6 45. Rxg7 Rxe4 46. Rf7 Ra4 47. g5 Rxa3+ 48. Kg4 Kd5 49. g6 Ra1 50. g7 Ke6 51. Rf3 Rg1+ 52. Rg3 1/2-1/2

[Event "FRA-chT Top 16 Basse"]
[Site "Belfort"]
[Date "2025.06.01"]
[Round "4.1"]
[White "Bassini, Emile"]
[Black "Anton Guijarro, David"]
[Result "0-1"]
[WhiteElo "2391"]
[BlackElo "2642"]
[PlyCount "84"]
[EventDate "2025.05.29"]
[EventType "team-tourn"]
[EventRounds "4"]
[EventCountry "FRA"]
[SourceTitle "CB23_2025"]
[SourceDate "2025.06.04"]
[SourceVersion "1"]
[SourceVersionDate "2025.06.04"]
[SourceQuality "1"]
[WhiteTeam "Bois Colombes"]
[BlackTeam "Chalon"]
[WhiteTeamCountry "FRA"]
[BlackTeamCountry "FRA"]

1. e4 c6 2. d4 d5 3. Nd2 dxe4 4. Nxe4 Nf6 5. Nxf6+ exf6 6. Be3 Bd6 7. Bd3 Na6 8. a3 Bf5 9. Ne2 0-0 10. 0-0 Bg6 11. Qd2 Re8 12. Rfe1 Nc7 13. Nf4 Be4 14. f3 Bxd3 15. Nxd3 Ne6 16. Re2 Bc7 17. c3 Qd6 18. g3 Qd5 19. Kg2 a5 20. Rae1 g5 21. Nf2 b5 22. Qc2 h5 23. Ne4 Kg7 24. b3 g4 25. Kg1 gxf3 26. Bh6+ Kg6 27. Nd6+ f5 28. Nxe8 Rxe8 29. Re5 Bxe5 30. Rxe5 Nxd4 31. Rxd5 Nxc2 32. Rd6+ Re6 33. Bf8 Rxd6 34. Bxd6 Na1 35. c4 Nxb3 36. cxb5 cxb5 37. Kf2 Nd2 38. Bf8 f6 39. Be7 Kf7 40. Bd8 Nc4 41. Kxf3 a4 42. Ke2 b4 0-1

[Event "Chess.com Classic Play In"]
[Site "Chess.com INT"]
[Date "2025.05.19"]
[Round "7"]
[White "Moussard, Jules"]
[Black "Anton Guijarro, David"]
[Result "0-1"]
[WhiteElo "2597"]
[BlackElo "2642"]
[PlyCount "100"]
[EventDate "2025.05.19"]
[EventType "swiss (blitz)"]
[EventRounds "9"]
[EventCountry "USA"]
[SourceTitle "CB21_2025"]
[SourceDate "2025.05.21"]
[SourceVersion "1"]
[SourceVersionDate "2025.05.21"]
[SourceQuality "1"]

1. Nf3 d5 2. b3 Bg4 3. e3 Nd7 4. h3 Bh5 5. Bb2 c6 6. d3 e6 7. Nbd2 h6 8. g3 Ngf6 9. Bg2 Bd6 10. 0-0 0-0 11. Qe1 Re8 12. e4 e5 13. Nh4 Bf8 14. Kh1 Nc5 15. Qe3 Ne6 16. Nf5 dxe4 17. Nxe4 Nd5 18. Qd2 Ng5 19. f4 Nxe4 20. dxe4 Nb4 21. Qf2 exf4 22. gxf4 Bg6 23. Ng3 f6 24. a3 Na6 25. b4 Qb6 26. Qf3 Rad8 27. e5 f5 28. Rad1 Nc7 29. c4 Qa6 30. Qc3 Ne6 31. Rd6 Bxd6 32. exd6 Rxd6 33. Re1 Rd7 34. Bf1 Kh7 35. c5 b5 36. Qf3 Qc8 37. Be5 Qd8 38. Bg2 Nd4 39. Qf2 Qh4 40. Kh2 Red8 41. Re3 Ne6 42. Bxc6 Rd2 43. Re2 Rxe2 44. Qxe2 Nxf4 45. Bxf4 Qxf4 46. Bg2 Rd2 47. Qe1 Rd3 48. c6 h5 49. Bf1 Re3 50. Be2 h4 0-1

[Event "Bundesliga 2425"]
[Site "Germany"]
[Date "2025.04.27"]
[Round "15.5"]
[White "Anton Guijarro, David"]
[Black "Van Foreest, Jorden"]
[Result "1/2-1/2"]
[WhiteElo "2665"]
[BlackElo "2696"]
[PlyCount "91"]
[EventDate "2024.09.28"]
[EventType "team-tourn"]
[EventRounds "15"]
[EventCountry "GER"]
[SourceTitle "CB18_2025"]
[SourceDate "2025.04.30"]
[SourceVersion "1"]
[SourceVersionDate "2025.04.30"]
[SourceQuality "1"]
[WhiteTeam "Viernheim"]
[BlackTeam "Duesseldorf"]
[WhiteTeamCountry "GER"]
[BlackTeamCountry "GER"]

1. d4 Nf6 2. Nf3 e6 3. c4 h6 4. e3 d5 5. Nc3 Bd6 6. Qc2 a6 7. b3 b6 8. cxd5 exd5 9. Bd3 Bb7 10. 0-0 Nbd7 11. Ne2 Qe7 12. Bb2 0-0-0 13. Rac1 Kb8 14. b4 h5 15. a3 h4 16. h3 Ne4 17. Ne5 Nxe5 18. dxe5 Bxe5 19. Bxe5 Qxe5 20. Nd4 c5 21. bxc5 Nxc5 22. Rb1 Qd6 23. Rb4 Rc8 24. Rfb1 b5 25. Bf1 Ne4 26. Qb2 Nc3 27. Bxb5 Nxb1 28. Bc6 Rxc6 29. Rxb7+ Ka8 30. Nxc6 Qxc6 31. Rb6 Qc4 32. Qxb1 Rc8 33. Rd6 Rc6 34. Rd8+ Rc8 35. Rd6 Rc6 36. Rd8+ Rc8 37. Qb6 Rxd8 38. Qxd8+ Kb7 39. Qd7+ Kb6 40. Qxf7 Qc1+ 41. Kh2 Qxa3 42. Qe6+ Kc7 43. Qf7+ Kc6 44. Qe8+ Kc7 45. Qf7+ Kc6 46. Qe8+ 1/2-1/2

[Event "EU-ch 25th"]
[Site "Eforie Nord"]
[Date "2025.03.16"]
[Round "2"]
[White "Castellanos Rodriguez, Renier"]
[Black "Anton Guijarro, David"]
[Result "0-1"]
[WhiteElo "2478"]
[BlackElo "2663"]
[PlyCount "146"]
[EventDate "2025.03.15"]
[EventType "swiss"]
[EventRounds "11"]
[EventCountry "ROU"]
[SourceTitle "CB13_2025"]
[SourceDate "2025.03.26"]
[SourceVersion "1"]
[SourceVersionDate "2025.03.26"]
[SourceQuality "1"]

1. e4 e5 2. Nf3 Nc6 3. Bc4 Bc5 4. d3 Nf6 5. 0-0 d6 6. c3 a5 7. Nbd2 0-0 8. h3 h6 9. Re1 Be6 10. Bb5 Nd7 11. Nf1 d5 12. Ng3 dxe4 13. dxe4 Qf6 14. Qe2 Rfd8 15. Be3 Bxe3 16. Qxe3 a4 17. Bxc6 bxc6 18. b3 axb3 19. axb3 Bxb3 20. Rxa8 Rxa8 21. Rb1 Be6 22. Rb7 Qd8 23. Ra7 Rb8 24. Qc1 f6 25. Qa3 Nb6 26. Qa5 Qd6 27. Nh4 Qd7 28. Nhf5 h5 29. Kh2 g6 30. Nh4 Kg7 31. Nf3 Qd6 32. Nf1 c5 33. Ne3 Rd8 34. c4 Rd7 35. Qb5 Rf7 36. Ra5 Qd3 37. Qc6 Nxc4 38. Nxc4 Qxc4 39. Rxc5 Qb4 40. Nh4 Re7 41. Rc3 g5 42. Nf3 Bf7 43. h4 g4 44. Ng1 Qb6 45. Ne2 Qxc6 46. Rxc6 Be8 47. Rc5 c6 48. Ng3 Rc7 49. f3 gxf3 50. gxf3 Bg6 51. Kg2 Kf7 52. Kf2 Ke6 53. Nf1 Kd6 54. Ra5 Bf7 55. Ng3 Bg6 56. Nf1 Rb7 57. Ne3 Bf7 58. Nf5+ Kd7 59. Kg3 Be6 60. Ne3 Kd6 61. Kf2 Rb2+ 62. Kg3 Re2 63. Ra3 Kc5 64. Rc3+ Kb5 65. Rd3 c5 66. Nd5 c4 67. Nc3+ Kb4 68. Rd6 Kxc3 69. Rxe6 Kd2 70. Rd6+ Ke3 71. Rxf6 c3 72. Rc6 c2 73. Kh3 Kd2 0-1

[Event "Titled Tuesday intern op 11th Mar Late"]
[Site "Chess.com INT"]
[Date "2025.03.11"]
[Round "8"]
[White "Sarana, Alexey"]
[Black "Anton Guijarro, David"]
[Result "1-0"]
[WhiteElo "2689"]
[BlackElo "2663"]
[PlyCount "73"]
[EventDate "2025.03.11"]
[EventType "swiss (blitz)"]
[EventRounds "11"]
[EventCountry "USA"]
[SourceTitle "CB12_2025"]
[SourceDate "2025.03.19"]
[SourceVersion "1"]
[SourceVersionDate "2025.03.19"]
[SourceQuality "1"]

1. e4 c6 2. e5 d6 3. f4 Nh6 4. Nf3 Bg4 5. h3 Bxf3 6. Qxf3 e6 7. exd6 Nf5 8. Qf2 Qxd6 9. Nc3 Be7 10. g3 h5 11. d3 Qd8 12. Ne4 Nd7 13. Bd2 Qb6 14. Bc3 Bb4 15. Bxb4 Qxb4+ 16. c3 Qb6 17. d4 Nf6 18. Bd3 Nxe4 19. Bxe4 Qa5 20. 0-0-0 Qxa2 21. Bxf5 exf5 22. Rhe1+ Kf8 23. Qe3 Qb3 24. Qe5 Rh6 25. Qxf5 a5 26. Re3 a4 27. Rde1 a3 28. Re8+ Rxe8 29. Qc5+ Kg8 30. Rxe8+ Kh7 31. Qxa3 Qd5 32. Qf8 Qh1+ 33. Kc2 Qxh3 34. Qg8+ Kg6 35. Re5 f6 36. f5+ Kg5 37. Qxg7+ 1-0

[Event "Titled Tuesday intern op 11th Mar Early"]
[Site "Chess.com INT"]
[Date "2025.03.11"]
[Round "4"]
[White "Yuan, Qingyu"]
[Black "Anton Guijarro, David"]
[Result "1-0"]
[WhiteElo "2341"]
[BlackElo "2663"]
[PlyCount "77"]
[EventDate "2025.03.11"]
[EventType "swiss (blitz)"]
[EventRounds "11"]
[EventCountry "USA"]
[SourceTitle "CB12_2025"]
[SourceDate "2025.03.19"]
[SourceVersion "1"]
[SourceVersionDate "2025.03.19"]
[SourceQuality "1"]

1. e4 c6 2. d4 d5 3. exd5 cxd5 4. Bd3 Nc6 5. c3 Qc7 6. h3 e6 7. Nf3 Bd6 8. 0-0 Nf6 9. Re1 0-0 10. Qe2 Ne7 11. Ne5 b6 12. Nd2 Bb7 13. a4 Ng6 14. Ndf3 Ne4 15. Nxg6 fxg6 16. Bxe4 dxe4 17. Ng5 Bh2+ 18. Kh1 Rae8 19. Nxe4 Bxe4 20. Qxe4 Rxf2 21. Rb1 Bg3 22. Be3 Rf5 23. Rec1 Qd7 24. b3 h5 25. c4 g5 26. c5 g4 27. hxg4 hxg4 28. Qxg4 Bb8 29. Kg1 Qc7 30. g3 Qf7 31. Kg2 Rf8 32. c6 Rf3 33. Bf4 Rd3 34. c7 e5 35. Bxe5 Rd2+ 36. Kh3 Kh7 37. Qxg7+ Qxg7 38. Bxg7 Kxg7 39. c8Q 1-0

[Event "Titled Tuesday intern op 04th Mar Early"]
[Site "Chess.com INT"]
[Date "2025.03.04"]
[Round "7"]
[White "Anton Guijarro, David"]
[Black "Kozlov, Oleg"]
[Result "1-0"]
[WhiteElo "2663"]
[BlackElo "2253"]
[PlyCount "69"]
[EventDate "2025.03.04"]
[EventType "swiss (blitz)"]
[EventRounds "11"]
[EventCountry "USA"]
[SourceTitle "CB11_2025"]
[SourceDate "2025.03.12"]
[SourceVersion "1"]
[SourceVersionDate "2025.03.12"]
[SourceQuality "1"]

1. Nf3 f5 2. e3 Nf6 3. Be2 g6 4. 0-0 Bg7 5. d4 a5 6. c4 0-0 7. Nc3 b6 8. Nd2 Bb7 9. Bf3 Qc8 10. b3 e6 11. Ba3 Re8 12. Rc1 Na6 13. h3 d6 14. Re1 e5 15. Bxb7 Qxb7 16. Nb5 Nd7 17. Nb1 Nb4 18. N1c3 exd4 19. exd4 Nf6 20. Qd2 Rad8 21. d5 Nd7 22. Bxb4 axb4 23. Ne2 Nc5 24. Ned4 Qc8 25. Nc6 Rd7 26. Nxb4 Ne4 27. Qc2 Bh6 28. Rcd1 Bg7 29. Nc6 Rf7 30. Re2 Nc5 31. Rde1 Rxe2 32. Qxe2 Ne4 33. f3 Nc5 34. Ne7+ Rxe7 35. Qxe7 1-0

[Event "Titled Tuesday intern op 04th Mar Early"]
[Site "Chess.com INT"]
[Date "2025.03.04"]
[Round "3"]
[White "Anton Guijarro, David"]
[Black "Papasimakopoulos, Alexandros"]
[Result "1-0"]
[WhiteElo "2663"]
[BlackElo "2387"]
[PlyCount "89"]
[EventDate "2025.03.04"]
[EventType "swiss (blitz)"]
[EventRounds "11"]
[EventCountry "USA"]
[SourceTitle "CB11_2025"]
[SourceDate "2025.03.12"]
[SourceVersion "1"]
[SourceVersionDate "2025.03.12"]
[SourceQuality "1"]

1. e4 e6 2. Nf3 d5 3. Nc3 Nf6 4. e5 Nfd7 5. d4 c5 6. Bb5 Be7 7. 0-0 0-0 8. Ne2 cxd4 9. Nexd4 a6 10. Bd3 Nc6 11. Re1 h6 12. c3 Nc5 13. Bc2 Nxd4 14. Qxd4 Ne4 15. Bxe4 dxe4 16. Qxe4 Qd5 17. Qxd5 exd5 18. a4 Bg4 19. Nd4 Bc5 20. Nb3 Be7 21. Be3 Rfc8 22. a5 Rc4 23. Bb6 Rac8 24. f3 Be6 25. Nd4 Bc5 26. Bxc5 R4xc5 27. Kf2 Kf8 28. h4 h5 29. Ra4 Ke7 30. Rb4 R8c7 31. Ra1 Kd7 32. Rb6 Ke7 33. Ke3 Bc8 34. Kf4 g6 35. g4 hxg4 36. fxg4 Kf8 37. h5 Kg7 38. Kg5 gxh5 39. gxh5 Re7 40. h6+ Kh7 41. Kf6 Rec7 42. Rd6 Bg4 43. Rg1 Bh5 44. Rg7+ Kxh6 45. Nf5# 1-0

[Event "Titled Tuesday intern op 04th Mar Early"]
[Site "Chess.com INT"]
[Date "2025.03.04"]
[Round "2"]
[White "Chernobay, Artem"]
[Black "Anton Guijarro, David"]
[Result "0-1"]
[WhiteElo "2454"]
[BlackElo "2663"]
[PlyCount "62"]
[EventDate "2025.03.04"]
[EventType "swiss (blitz)"]
[EventRounds "11"]
[EventCountry "USA"]
[SourceTitle "CB11_2025"]
[SourceDate "2025.03.12"]
[SourceVersion "1"]
[SourceVersionDate "2025.03.12"]
[SourceQuality "1"]

1. d4 d5 2. c4 e6 3. Nc3 Bb4 4. cxd5 exd5 5. Bf4 c5 6. e3 c4 7. Nge2 Nc6 8. a3 Ba5 9. b4 cxb3 10. Qxb3 Nf6 11. Ng3 0-0 12. Rc1 Qe7 13. Be2 h6 14. h4 Bg4 15. 0-0 Bxe2 16. Ngxe2 Rad8 17. Ng3 Bxc3 18. Rxc3 Ng4 19. Nf5 Qf6 20. Qc2 Qe6 21. f3 Nf6 22. g4 Nh7 23. Rb1 Rd7 24. Rcb3 b6 25. Rc3 Na5 26. e4 dxe4 27. fxe4 Nf6 28. Re1 Nxg4 29. h5 Nf6 30. d5 Rxd5 31. Qg2 Rxf5 0-1

[Event "Titled Tuesday intern op 25th Feb Early"]
[Site "Chess.com INT"]
[Date "2025.02.25"]
[Round "4"]
[White "Anton Guijarro, David"]
[Black "Cumpe, Lucas"]
[Result "1-0"]
[WhiteElo "2668"]
[BlackElo "2294"]
[PlyCount "115"]
[EventDate "2025.02.25"]
[EventType "swiss (blitz)"]
[EventRounds "11"]
[EventCountry "USA"]
[SourceTitle "CB10_2025"]
[SourceDate "2025.03.05"]
[SourceVersion "1"]
[SourceVersionDate "2025.03.05"]
[SourceQuality "1"]

1. e4 c5 2. Nf3 e6 3. c3 d5 4. exd5 exd5 5. Bb5+ Bd7 6. Qe2+ Qe7 7. 0-0 Qxe2 8. Bxe2 Nf6 9. d4 Nc6 10. Be3 cxd4 11. Nxd4 Be7 12. Nd2 0-0 13. Rfe1 Rfe8 14. h3 Bf8 15. N2b3 Ne5 16. Rad1 b6 17. Nd2 Ba4 18. Rc1 Rac8 19. Ba6 Rcd8 20. Bg5 Bd7 21. Bxf6 gxf6 22. f4 Nc6 23. N2b3 Bc5 24. Nxc5 bxc5 25. Nb3 c4 26. Nc5 Bc8 27. Rxe8+ Rxe8 28. Bb5 Re7 29. Bxc6 Rc7 30. Bxd5 Rxc5 31. Rd1 Bf5 32. Rd4 Bd3 33. a4 Kg7 34. b4 Rc7 35. Kf2 f5 36. g4 Kf6 37. g5+ Kg6 38. b5 Re7 39. Bf3 Kg7 40. a5 Be4 41. Rxc4 Bd3 42. Rb4 Rc7 43. b6 axb6 44. axb6 Rc8 45. b7 Rb8 46. Ke3 Ba6 47. c4 Kf8 48. c5 Ke7 49. c6 Kd6 50. Rd4+ Kc7 51. Rd7+ Kb6 52. Re7 Rf8 53. h4 Rd8 54. h5 Rf8 55. Kf2 Rd8 56. Kg3 Rf8 57. h6 Rd8 58. c7 1-0

[Event "Titled Tuesday intern op 25th Feb Early"]
[Site "Chess.com INT"]
[Date "2025.02.25"]
[Round "2"]
[White "Pavlov, Nikolay1"]
[Black "Anton Guijarro, David"]
[Result "1/2-1/2"]
[WhiteElo "2316"]
[BlackElo "2668"]
[PlyCount "65"]
[EventDate "2025.02.25"]
[EventType "swiss (blitz)"]
[EventRounds "11"]
[EventCountry "USA"]
[SourceTitle "CB10_2025"]
[SourceDate "2025.03.05"]
[SourceVersion "1"]
[SourceVersionDate "2025.03.05"]
[SourceQuality "1"]

1. e4 c6 2. d4 d5 3. Nc3 dxe4 4. Nxe4 Nf6 5. Nxf6+ exf6 6. c3 Bd6 7. Bd3 0-0 8. Ne2 Na6 9. 0-0 Nc7 10. Bf4 Bg4 11. Qd2 Nd5 12. Bxd6 Qxd6 13. Ng3 Nf4 14. Rfe1 Rfe8 15. Bc2 a5 16. Rxe8+ Rxe8 17. Re1 Be6 18. Ne4 Qc7 19. Nc5 Rd8 20. Nxe6 Nxe6 21. Bb3 Rd6 22. h4 h5 23. Qd3 Qd8 24. Bxe6 Rxe6 25. Rxe6 fxe6 26. Qg6 Qd5 27. c4 Qxc4 28. Qe8+ Kh7 29. Qxh5+ Kg8 30. Qe8+ Kh7 31. Qh5+ Kg8 32. Qe8+ Kh7 33. Qh5+ 1/2-1/2